| 000 | 01023nam a22002417a 4500 | ||
|---|---|---|---|
| 005 | 20251210201313.0 | ||
| 008 | 241111b |||||||| |||| 00| 0 eng d | ||
| 082 | _aDPer 647.94068 In821 August-October 2019 v. 81-83 | ||
| 100 |
_aOkumus, Bendegul. _eauthor. _963909 |
||
| 245 |
_aExploring safety of food truck products in a developed country / _cBendegul Okumus, Sevil Sonmez, Sean Moore, Daniel P. Auvil, and Griffith D. Parks. |
||
| 260 |
_aAmsterdam ; _bElsevier, _cAugust 2019. |
||
| 300 |
_aVolume 66, pages 150-158 : _billustration ; _c28 cm. |
||
| 500 | _aInternational Journal of Hospitality Management, vol. 81, pages 150-158, August 2019. | ||
| 650 | 0 |
_aFood safety risks. _966549 |
|
| 650 | 0 |
_aFood trucks. _966550 |
|
| 650 | 0 |
_aStreet food. _966551 |
|
| 700 |
_aOkumus, Bendegul. _eauthor. _959584 |
||
| 700 |
_aSonmez, Sevil. _eauthor. _966545 |
||
| 700 |
_aMoore, Sean. _eauthor. _966546 |
||
| 700 |
_aAuvil, Daniel P. _eauthor. _966547 |
||
| 700 |
_aParks, Griffith D. _eauthor. _966548 |
||
| 942 |
_2ddc _cPER |
||
| 999 |
_c23144 _d23144 |
||